000 00512nam a2200193Ia 4500
005 20250326140545.0
008 250326s9999 xx 000 0 und d
020 _a0-19 565240 1
037 _aTextbook
040 _aFMSL
_beng
_cFMSL
041 _aeng
_2eng
084 _aX:89ZB N9
_qFMSL
100 _aSen A
245 0 _aDevelopment as freedom
_cSen A
260 _aNew Delhi
_bNew Delhi, Oxford University
_c1999
300 _a366p
942 _cTB
_hX:89ZB N9
999 _c1286299
_d1286299